Catalog

Record Details

Catalog Search



Thor. Across all worlds / writer: Dan Jurgens ; ... Read More

Jurgens, Dan.(Author).
Larsen, Eric.(Added Author). Kubert, Andy.(Added Author). ... Read More
Series: Mighty Thor

Available copies

  • 1 of 1 copy available at LARL/NWRL Consortium.

Current holds

0 current holds with 1 total copy.

Show Only Available Copies
Location Call Number / Copy Notes Barcode Shelving Location Status Due Date
Moorhead Public Library Y G JUR (Text) 33500011771375 Main Available -

Record details

  • ISBN: 9780785149750
  • ISBN: 0785149759
  • Physical Description: 1 v. (unpaged) : chiefly col. ill. ; 26 cm.
  • Publisher: New York : Marvel Worldwide, c2010.

Content descriptions

General Note:
"Collecting Thor #26-35"--P. [4] of cover.
Summary, etc.:
"Thor, god of Thunder, is a god with more than a ... Read More
Target Audience Note:
Rated T+.
Subject: Thor (Norse deity) > Comic books, strips, etc.
Gods, Norse > Comic books, strips, etc.
Trolls > Comic books, strips, etc.
Good and evil > Comic books, strips, etc.
Graphic novels.
Genre: Superhero comic books, strips, etc.
LDR 02652cam a2200457Ia 4500
001125445
003LARL_NWRL_CONSORTIUM
00520101210102518.0
008100922s2010 nyua 6 000 1 eng d
020 . ‡a9780785149750
020 . ‡a0785149759
035 . ‡a(OCoLC)666234794
040 . ‡aBTCTA ‡beng ‡cBTCTA ‡dZGX ‡dOCLCQ
092 . ‡a[Fic] ‡bJurgens
1001 . ‡aJurgens, Dan. ‡0(LARL_NWRL_CONSORTIUM)112402
24510. ‡aThor. ‡pAcross all worlds / ‡cwriter: Dan Jurgens ; pencilers: Eric Larsen, Andy Kubert & Stuart Immonen ; editor, Tom Brevoort.
24630. ‡aAcross all worlds
24614. ‡aMighty Thor. ‡pAcross all worlds
260 . ‡aNew York : ‡bMarvel Worldwide, ‡cc2010.
300 . ‡a1 v. (unpaged) : ‡bchiefly col. ill. ; ‡c26 cm.
4900 . ‡aMighty Thor
500 . ‡a"Collecting Thor #26-35"--P. [4] of cover.
520 . ‡a"Thor, god of Thunder, is a god with more than a passing interest in the doings on Midgard (Earth to you and me). His sense of duty and morality forces him to merge his life-spirit into the mortal body of paramedic Jake Olson. Thus, he finds himself a god divided--with loyalties to the court of Odin, ruler of the Norse Gods, and as a man with obligations to friends and family. This powerfully told story follows the attempt by Lord Malekith the Dark Elf to take over Asgard by unleashing the immeasurable power contained within the Cask of Ancient Winters. With Thor tending to matters on Earth and mighty Odin undergoing the necessary Odinsleep to renew his powers, it falls to Lady Sif to rule and protect the Realm Eternal. Sensing opportunity, Ulik, leader of the Trolls, also decides the time has come to ravage Asgard, so the gods themselves have their hands full."--P. [4] of cover.
5218 . ‡aRated T+.
650 0. ‡aThor (Norse deity) ‡vComic books, strips, etc.
650 0. ‡aGods, Norse ‡vComic books, strips, etc.
650 0. ‡aTrolls ‡vComic books, strips, etc.
650 0. ‡aGood and evil ‡vComic books, strips, etc. ‡0(LARL_NWRL_CONSORTIUM)172338
650 0. ‡aGraphic novels. ‡0(LARL_NWRL_CONSORTIUM)40036
655 0. ‡aSuperhero comic books, strips, etc.
7001 . ‡aLarsen, Eric.
7001 . ‡aKubert, Andy. ‡0(LARL_NWRL_CONSORTIUM)108247
7001 . ‡aImmonen, Stuart. ‡0(LARL_NWRL_CONSORTIUM)43875
7001 . ‡aBrevoort, Tom. ‡0(LARL_NWRL_CONSORTIUM)202231
948 . ‡hNO HOLDINGS IN LAL - 5 OTHER HOLDINGS
994 . ‡aZ0 ‡bLAL
901 . ‡a125445 ‡bOCLC ‡c125445 ‡tbiblio

Additional Resources